Countries Starting With M, N, O And P - Statistics

General Stats
  • This quiz has been taken 260 times
  • The average score is 33 of 38
Answers on the Map
Answers color-coded by a green-red scale on the quiz's map according to % correct below.
 
Answer Stats
Country % Correct
Oman
98%
Peru
92%
Madagascar
91%
Mali
91%
Morocco
90%
Namibia
90%
Nicaragua
90%
Niger
90%
Nigeria
90%
North Macedonia
90%
Panama
90%
Paraguay
90%
Pakistan
89%
Mauritania
88%
Norway
88%
Mauritius
87%
Mongolia
87%
Montenegro
87%
Nepal
87%
Mexico
86%
Moldova
86%
Papua New Guinea
86%
Poland
86%
Myanmar
85%
Nauru
85%
Palau
85%
Malawi
84%
Maldives
84%
North Korea
84%
Portugal
84%
Malaysia
83%
Monaco
83%
Malta
82%
Mozambique
82%
Netherlands
82%
New Zealand
81%
Philippines
78%
Marshall Islands
74%
No matching quizzes found
Score Distribution
Percent of People with Each Score
Percentile by Number Answered
Your Score History
You have not taken this quiz